| 000 | 02152nam a2200289 a 4500 | ||
|---|---|---|---|
| 003 | OSt | ||
| 005 | 20251104142331.0 | ||
| 007 | cr ||||||a|c|a | ||
| 008 | 230619b2019 mx ||||fom||| 001 0 spa d | ||
| 040 | _erda | ||
| 100 | 1 |
_aLópez Lule, Gricelda _9187408 |
|
| 245 | 1 | 0 |
_aMujeres rurales, proceso de exclusión y participación en las actividades agrícolas en comunidades del municipio de Salvatierra, Guanajuato / _cpor Griselda López Lule; director de tesis Juan Zepeda del Valle |
| 264 |
_aChapingo, México : _bEl autor, _c2019. |
||
| 300 | 1 | _a1 recurso en línea ( 49 páginas). | |
| 336 |
_2rdacontent _atexto _btxt |
||
| 337 |
_2rdamedia _acomputadora _bc |
||
| 338 |
_2rdacarrier _arecurso en línea _bcr |
||
| 502 |
_bMCDRR _cCentros Regionales _d2019. _gMAE |
||
| 504 | _aIncluye referencias bibliográficas: páginas 46-48 | ||
| 520 | _aEn este trabajo presentamos los procesos de exclusión y participación de las mujeres en las actividades agrícolas, originarias de dos comunidades del municipio de Salvatierra, Guanajuato. La perspectiva de género fue la metodología empleada para el abordaje teórico. Entre los principales hallazgos derivados de las entrevistas se encontró que las mujeres a pesar de tener los derechos de las parcelas, no tienen el poder de decisión sobre lo que se siembra y cómo se siembra. Son los hombres quienes tienen a pesar de no vivir en las comunidades, por efectos de la migración hacia Estados Unidos de Norte América principalmente, quienes deciden sobre la parcela. En ese sentido, podemos vislumbrar que la posesión de la tierra para las mujeres en el caso de las comunidades en estudio no representa más que el valor simbólico, que con el tiempo tenderá a desaparecer en virtud de la edad avanzada de las mismas. | ||
| 650 | 4 |
_9132180 _aMujeres _xEnfoque de género |
|
| 650 | 4 |
_9131483 _aMujeres en el desarrollo sustentable |
|
| 650 | 4 |
_9131913 _aMujeres en la agricultura |
|
| 700 | 1 |
_9123920 _aZepeda del Valle, Juan Manuel _edirector. |
|
| 856 |
_uhttp://10.13.5.2/tesis/tm/Lopez_Lule_Gricelda.pdf _zDESCARGAR PDF |
||
| 942 |
_2Clasificación Universidad Autónoma Chapingo _cTD |
||
| 999 |
_c218959 _d218959 |
||